DUNIA TANPA TEMBOK III

Bibliographic Details
Main Author: Ayman Rashdan Wong (Author)
Format: Book
Published: Kuala Lumpur : Patriots Publication [2020]
Subjects:

MARC

LEADER 00000cam a2200000 7i4500
001 0000290161
005 20240403130304.0
006 a ### ###
007 t
008 220225t20202020my mmay
020 |a 9789672437000 
040 |a MBPJ   |b eng   |c MBPJ   |e rda 
090 0 0 |a 320.12   |b AYM 
100 1 |a Ayman Rashdan Wong ,   |e author 
245 1 0 |a DUNIA TANPA TEMBOK III   |c AYMAN RASHDAN WONG 
264 1 |a Kuala Lumpur :   |b Patriots Publication   |c [2020] 
264 4 |c ©2020 
300 |a 371 pages ;   |c 20 cm. 
336 |a text  |2 rdacontent 
337 |a unmediated  |2 rdamedia 
338 |a volume  |2 rdacarrier 
650 0 |a Geopilitics 
650 0 |a Political Science 
650 0 |a World politics 
999 |a 00388604   |b BUKU   |c PINJAMAN   |e PERPUSTAKAAN KOMUNITI PETALING JAYA 
999 |a 00404643   |b BUKU   |c PINJAMAN   |e PERPUSTAKAAN KOMUNITI CAW KOTA DAMANSARA 
999 |a 00404644   |b BUKU   |c PINJAMAN   |e PERPUSTAKAAN KOMUNITI CAW TAMAN MEDAN